<?xml version="1.0" encoding="UTF-8"?><?xml-stylesheet type="text/xsl" href="static/style.xsl"?><OAI-PMH xmlns="http://www.openarchives.org/OAI/2.0/" xmlns:xsi="http://www.w3.org/2001/XMLSchema-instance" xsi:schemaLocation="http://www.openarchives.org/OAI/2.0/ http://www.openarchives.org/OAI/2.0/OAI-PMH.xsd"><responseDate>2026-04-27T14:37:27Z</responseDate><request verb="GetRecord" identifier="oai:riubu.ubu.es:10259/8976" metadataPrefix="marc">https://riubu.ubu.es/oai/request</request><GetRecord><record><header><identifier>oai:riubu.ubu.es:10259/8976</identifier><datestamp>2024-04-18T00:05:15Z</datestamp><setSpec>com_10259_8962</setSpec><setSpec>com_10259_5086</setSpec><setSpec>com_10259_2604</setSpec><setSpec>col_10259_8963</setSpec></header><metadata><record xmlns="http://www.loc.gov/MARC21/slim" xmlns:doc="http://www.lyncode.com/xoai" xmlns:xsi="http://www.w3.org/2001/XMLSchema-instance" xmlns:dcterms="http://purl.org/dc/terms/" xsi:schemaLocation="http://www.loc.gov/MARC21/slim http://www.loc.gov/standards/marcxml/schema/MARC21slim.xsd">
<leader>00925njm 22002777a 4500</leader>
<datafield tag="042" ind1=" " ind2=" ">
<subfield code="a">dc</subfield>
</datafield>
<datafield tag="720" ind1=" " ind2=" ">
<subfield code="a">Sánchez Simón, Margarita</subfield>
<subfield code="e">author</subfield>
</datafield>
<datafield tag="260" ind1=" " ind2=" ">
<subfield code="c">2017-12</subfield>
</datafield>
<datafield tag="520" ind1=" " ind2=" ">
<subfield code="a">El Museo de las Villas Romanas de Almenara-Puras, en la provincia de Valladolid,&#xd;
surge en 2003 como colofón al proyecto de recuperación de los restos arqueológicos de la&#xd;
pars urbana de la villa romana de La Calzadilla. Desde entonces este centro desarrolla una&#xd;
actividad ligada a la difusión, a la didáctica y a la protección de esos restos arqueológicos.</subfield>
</datafield>
<datafield tag="520" ind1=" " ind2=" ">
<subfield code="a">The Museo de las Villas Romanas de Almenara-Puras, in the province of Valladolid,&#xd;
arose in 2003 as the culmination of the recovery project of the archaeological remains of the&#xd;
pars urbana in the Roman villa of La Calzadilla. Since then, the museum develops activities&#xd;
aimed to the dissemination of the knowledge about the site, including teaching activities, as&#xd;
well as to the protection of the remains.</subfield>
</datafield>
<datafield tag="024" ind2=" " ind1="8">
<subfield code="a">2341-3409</subfield>
</datafield>
<datafield tag="024" ind2=" " ind1="8">
<subfield code="a">http://hdl.handle.net/10259/8976</subfield>
</datafield>
<datafield tag="024" ind2=" " ind1="8">
<subfield code="a">0212-5544</subfield>
</datafield>
<datafield ind1=" " ind2=" " tag="653">
<subfield code="a">MVR</subfield>
</datafield>
<datafield ind1=" " ind2=" " tag="653">
<subfield code="a">Museo</subfield>
</datafield>
<datafield ind1=" " ind2=" " tag="653">
<subfield code="a">La Calzadilla</subfield>
</datafield>
<datafield ind1=" " ind2=" " tag="653">
<subfield code="a">Yacimiento arqueológico</subfield>
</datafield>
<datafield ind1=" " ind2=" " tag="653">
<subfield code="a">Villa romana</subfield>
</datafield>
<datafield ind1=" " ind2=" " tag="653">
<subfield code="a">Pars urbana</subfield>
</datafield>
<datafield ind1=" " ind2=" " tag="653">
<subfield code="a">Pintura mural</subfield>
</datafield>
<datafield ind1=" " ind2=" " tag="653">
<subfield code="a">Recreación de una casa romana</subfield>
</datafield>
<datafield ind1=" " ind2=" " tag="653">
<subfield code="a">Museum</subfield>
</datafield>
<datafield ind1=" " ind2=" " tag="653">
<subfield code="a">Archaeological site</subfield>
</datafield>
<datafield ind1=" " ind2=" " tag="653">
<subfield code="a">Roman Villa</subfield>
</datafield>
<datafield ind1=" " ind2=" " tag="653">
<subfield code="a">Roman painting</subfield>
</datafield>
<datafield ind1=" " ind2=" " tag="653">
<subfield code="a">Didactic reconstruction of a roman house</subfield>
</datafield>
<datafield tag="245" ind1="0" ind2="0">
<subfield code="a">El Museo de las Villas Romanas de Almenara-Puras (MVR) de Valladolid</subfield>
</datafield>
</record></metadata></record></GetRecord></OAI-PMH>